[Event "Ontario Closed"]
[Site "Toronto CAN"]
[Date "2023.07.02"]
[Round "4.4"]
[White "Zhao, Jifan"]
[Black "Malakhovets, Sergey"]
[Result "1-0"]
[WhiteElo "1074"]
[BlackElo "2185"]
[PlyCount "162"]
[EventDate "2023.06.30"]
[EventType "swiss"]
[EventRounds "7"]
[EventCountry "CAN"]

1. e4 c6 2. d4 d5 3. Nc3 dxe4 4. Nxe4 Nf6 5. Nxf6+ exf6 6. c3 Bd6 7. Bd3 O-O 8.
Qf3 Nd7 9. Ne2 Re8 10. O-O Nf8 11. Bf4 Ng6 12. Bg3 Be6 13. Nf4 Bxf4 14. Bxf4 a5
15. Bg3 a4 16. a3 Qd7 17. Qd1 f5 18. Qd2 b5 19. f3 h6 20. Rad1 Ne7 21. Rfe1 Nc8
22. Qf4 Nb6 23. Qc7 Qxc7 24. Bxc7 Nd5 25. Bd6 Red8 26. Bc5 Rab8 27. Bc2 g6 28.
Kf2 h5 29. g3 Kg7 30. f4 Rd7 31. Bd3 Nf6 32. h4 Rbb7 33. Ke2 Bd5 34. Kf1 Be4
35. Bb4 Bxd3+ 36. Rxd3 Ne4 37. Rde3 Rb8 38. R1e2 Kf6 39. Ke1 Ke6 40. Kd1 Kd5
41. Kc2 Kc4 42. Re1 Re8 43. Rd3 Kd5 44. Rde3 Re6 45. Rd1 Rd8 46. Rf1 Rde8 47.
Rff3 Nf6 48. Re5+ Rxe5 49. dxe5 Ne4 50. Rd3+ Ke6 51. Ba5 f6 52. exf6 Nxf6 53.
Bc7 Ne4 54. Be5 Re7 55. Rd8 Rd7 56. Rg8 Rd2+ 57. Kc1 Rg2 58. Rxg6+ Kd5 59. c4+
Kxc4 60. Rxc6+ Kd3 61. Kb1 Nd2+ 62. Ka2 Nb3 63. Bf6 Rg1 64. Rc3+ Ke4 65. Rxb3
axb3+ 66. Kxb3 Rxg3+ 67. Kb4 Kxf4 68. Kxb5 Kg4 69. a4 f4 70. a5 Kf5 71. Bd4 Ke4
72. Kc4 Rd3 73. Bc5 f3 74. a6 Rd8 75. a7 Rc8 76. Kb5 Kd5 77. b4 Ke6 78. Kb6 Kd7
79. b5 Kd8 80. Bf2 Kd7 81. Ka6 Rc2 1-0

[Event "Ontario Closed"]
[Site "Toronto CAN"]
[Date "2023.07.02"]
[Round "4.5"]
[White "Ning, Eric"]
[Black "Zhong, Ryan Yunhui"]
[Result "1-0"]
[WhiteElo "2163"]
[BlackElo "1972"]
[PlyCount "69"]
[EventDate "2023.06.30"]
[EventType "swiss"]
[EventRounds "7"]
[EventCountry "CAN"]

1. d4 d5 2. c4 dxc4 3. e3 Nf6 4. Bxc4 e6 5. Nf3 a6 6. O-O b5 7. Bd3 Bb7 8. a4
b4 9. Nbd2 c5 10. Qe2 Nc6 11. Rd1 cxd4 12. exd4 Qd5 13. Qf1 Bd6 14. Nc4 Bc7 15.
b3 Qh5 16. h3 Nd5 17. g4 Nxd4 18. Nxd4 Qh4 19. Be4 Qf6 20. Qg2 Rd8 21. Be3 O-O
22. Ne2 Nxe3 23. Nxe3 Bxe4 24. Qxe4 Qb2 25. Qc2 Qe5 26. Ng3 Rc8 27. Qe4 Qc3 28.
Qd3 Qc5 29. Rac1 Qa7 30. Rc6 a5 31. Qc4 Qb8 32. Rc1 Bxg3 33. Rxc8 Bxf2+ 34.
Kxf2 Qh2+ 35. Ng2 1-0

[Event "Ontario Closed"]
[Site "Toronto CAN"]
[Date "2023.07.02"]
[Round "4.6"]
[White "Qian, Eric"]
[Black "Singh, Mahip"]
[Result "0-1"]
[WhiteElo "2157"]
[BlackElo "1938"]
[PlyCount "142"]
[EventDate "2023.06.30"]
[EventType "swiss"]
[EventRounds "7"]
[EventCountry "CAN"]

1. Nf3 d5 2. c4 c6 3. g3 Nf6 4. Bg2 g6 5. b3 Bg7 6. Bb2 O-O 7. O-O Nbd7 8. d4
Ne4 9. Nc3 Ndf6 10. Rc1 Nxc3 11. Bxc3 Ne4 12. Ba1 Qa5 13. Rc2 Bf5 14. Nh4 Be6
15. e3 Rfd8 16. Qe2 Rac8 17. Rd1 Qa6 18. c5 Qxe2 19. Rxe2 g5 20. Nf3 g4 21. Nd2
Ng5 22. b4 Bf5 23. Nb3 Be4 24. Nd2 Nf3+ 25. Bxf3 gxf3 26. Ree1 h5 27. h4 f5 28.
Nxe4 dxe4 29. Rb1 a6 30. a4 Ra8 31. Bc3 Bf6 32. Rb3 Kf7 33. Reb1 Ke6 34. b5
axb5 35. axb5 Ra2 36. bxc6 bxc6 37. Kf1 Kd5 38. Be1 Rda8 39. Rb7 R2a7 40. R7b2
Ra1 41. Bd2 Rxb1+ 42. Rxb1 Ra2 43. Ke1 f4 44. gxf4 Bxh4 45. Rd1 e6 46. Kf1 Ra7
47. Rb1 Bd8 48. Be1 Bc7 49. Kg1 Ra2 50. Kf1 Ra7 51. Kg1 Kc4 52. Rc1+ Kb3 53.
Rb1+ Kc2 54. Rb4 Ra1 55. Rc4+ Kd3 56. Rc3+ Ke2 57. Rc2+ Kxe1 58. Rb2 Bd8 59.
Kh2 Rd1 60. Kg1 Bh4 61. Rc2 Rd2 62. Rc1+ Ke2 63. f5 Bxf2+ 64. Kh2 exf5 65. d5
Rxd5 66. Rc2+ Kxe3 67. Rc3+ Rd3 68. Rc4 Kf4 69. Ra4 Bd4 70. Ra6 Rd2+ 71. Kh1
Kg3 0-1

[Event "Ontario Closed"]
[Site "Toronto CAN"]
[Date "2023.07.02"]
[Round "5.1"]
[White "Campbell, Ryan"]
[Black "Barron, Michael"]
[Result "1/2-1/2"]
[WhiteElo "2281"]
[BlackElo "2266"]
[PlyCount "168"]
[EventDate "2023.06.30"]
[EventType "swiss"]
[EventRounds "7"]
[EventCountry "CAN"]

1. e4 e5 2. Nf3 Nc6 3. Bb5 a6 4. Ba4 Nf6 5. O-O Be7 6. Re1 b5 7. Bb3 O-O 8. a4
b4 9. d4 d6 10. dxe5 dxe5 11. Nbd2 Bb7 12. Qe2 Nd4 13. Nxd4 Qxd4 14. Nf3 Qxe4
15. Qf1 Qf5 16. Rxe5 Qd7 17. Bg5 Bd6 18. Bxf6 gxf6 19. Rh5 Be4 20. Qc4 Qc6 21.
Qxc6 Bxc6 22. Bd5 Bxd5 23. Rxd5 Rfe8 24. Rad1 Re4 25. b3 Rb8 26. g3 Rb6 27.
R1d2 Rc6 28. Kf1 Kg7 29. Nd4 Rc5 30. Nf5+ Kg6 31. Nxd6 cxd6 32. Rxd6 a5 33.
R6d5 Re5 34. Rxc5 Rxc5 35. Ke2 h5 36. h4 Kf5 37. f3 Ke5 38. Kd1 Rc3 39. Rd3 Rc8
40. Kd2 Rg8 41. Re3+ Kd5 42. f4 Kd4 43. c3+ bxc3+ 44. Rxc3 f5 45. Kc2 f6 46.
Rc4+ Kd5 47. Rc7 Rxg3 48. Ra7 Rg2+ 49. Kc3 Rg3+ 50. Kb2 Rg2+ 51. Ka3 Ke4 52.
Rxa5 Kxf4 53. Ra8 Ke5 54. a5 f4 55. a6 f3 56. Re8+ Kf4 57. Re1 f2 58. Rf1 Ke3
59. b4 Rg1 60. Rxf2 Kxf2 61. b5 f5 62. Kb2 f4 63. a7 Rg8 64. b6 f3 65. b7 Kg1
66. b8=Q Rxb8+ 67. axb8=Q f2 68. Qg3+ Kh1 69. Qf3+ Kg1 70. Qxh5 f1=Q 71. Qg4+
Kh2 72. Kc2 Qf7 73. Qg5 Qc4+ 74. Kd2 Qd4+ 75. Ke2 Qe4+ 76. Kf2 Qd4+ 77. Kf3
Qd1+ 78. Kf4 Qd4+ 79. Kf5 Qd3+ 80. Kf6 Qd8+ 81. Kf7 Qd7+ 82. Qe7 Qf5+ 83. Qf6
Qh5+ 84. Kg7 Kh3 1/2-1/2

[Event "Ontario Closed"]
[Site "Toronto CAN"]
[Date "2023.07.02"]
[Round "5.3"]
[White "Zhao, Jifan"]
[Black "Ning, Eric"]
[Result "1-0"]
[WhiteElo "1974"]
[BlackElo "2163"]
[PlyCount "109"]
[EventDate "2023.06.30"]
[EventType "swiss"]
[EventRounds "7"]
[EventCountry "CAN"]

1. e4 c5 2. Nf3 Nc6 3. Bb5 g6 4. c3 Bg7 5. O-O e5 6. Qe2 Nge7 7. d3 O-O 8. Be3
d6 9. Rd1 a6 10. Bxc6 Nxc6 11. d4 exd4 12. cxd4 Qe7 13. Bg5 f6 14. Be3 cxd4 15.
Nxd4 Nxd4 16. Bxd4 d5 17. Nc3 dxe4 18. Qxe4 Qxe4 19. Nxe4 Rf7 20. Bb6 Bf5 21.
Nd6 Re7 22. Nxf5 gxf5 23. Rd2 Rae8 24. g3 f4 25. gxf4 Bh6 26. Be3 Kf7 27. Rad1
f5 28. Rd5 Kg6 29. Rd6+ Re6 30. Rd7 b5 31. Rb7 Bf8 32. Rdd7 R8e7 33. Kg2 Rxd7
34. Rxd7 Bg7 35. Bd4 Bxd4 36. Rxd4 Re2 37. Rd6+ Kh5 38. Rxa6 Rxb2 39. Kg3 b4
40. Rf6 Rxa2 41. Rxf5+ Kg6 42. Rb5 Rb2 43. f5+ Kf6 44. f3 b3 45. Kf4 Rb1 46.
Rb6+ Kg7 47. Rb7+ Kh6 48. h4 b2 49. h5 Rh1 50. Rxb2 Rxh5 51. Ke5 Kg7 52. Rb7+
Kf8 53. Ke6 Rh1 54. Rb8+ Kg7 55. f6+ 1-0

[Event "Ontario Closed"]
[Site "Toronto CAN"]
[Date "2023.07.02"]
[Round "5.4"]
[White "Singh, Mahip"]
[Black "Lu, Tony"]
[Result "1-0"]
[WhiteElo "1938"]
[BlackElo "1999"]
[PlyCount "45"]
[EventDate "2023.06.30"]
[EventType "swiss"]
[EventRounds "7"]
[EventCountry "CAN"]

1. d4 d5 2. c4 e6 3. Nf3 c6 4. Nbd2 Nf6 5. g3 dxc4 6. Nxc4 b5 7. Nce5 Bb7 8.
Bg2 c5 9. Nxf7 Bxf3 10. Nxd8 Bxg2 11. Nxe6 Bxh1 12. f3 Na6 13. Qb3 Rb8 14.
Nxg7+ Bxg7 15. Qe6+ Kf8 16. Bf4 Ne8 17. Bxb8 Nxb8 18. Qc8 Bxd4 19. O-O-O Bg2
20. Qxb8 Bh3 21. Qf4+ Kg7 22. Qg5+ Kf7 23. Qh5+ 1-0

[Event "Ontario Closed"]
[Site "Toronto CAN"]
[Date "2023.07.02"]
[Round "5.5"]
[White "Yang, Larry"]
[Black "Rek, Slava"]
[Result "0-1"]
[WhiteElo "1955"]
[BlackElo "2316"]
[PlyCount "108"]
[EventDate "2023.06.30"]
[EventType "swiss"]
[EventRounds "7"]
[EventCountry "CAN"]

1. e4 g6 2. d4 Bg7 3. c4 c5 4. d5 b5 5. cxb5 d6 6. Nc3 Nf6 7. Be2 a6 8. bxa6
O-O 9. Nf3 Bxa6 10. O-O Nbd7 11. h3 Qa5 12. Be3 Rfb8 13. Bxa6 Qxa6 14. Rb1 Ne8
15. Qc2 Nc7 16. a3 Rb7 17. Nd2 Ne5 18. Rfd1 Nc4 19. Nxc4 Qxc4 20. Qd3 Qxd3 21.
Rxd3 Rb3 22. Bc1 Nb5 23. Ra1 c4 24. Rf3 Bxc3 25. bxc3 Nxc3 26. Re3 f5 27. exf5
Nxd5 28. Rxb3 cxb3 29. fxg6 hxg6 30. Rb1 Nc3 31. Rb2 Rxa3 32. Kh2 Kf7 33. h4
Na4 34. Rb1 b2 35. Rxb2 Nxb2 36. Bxb2 Ra2 37. Bd4 e5 38. Bb6 d5 39. Kg3 Ke6 40.
Kf3 Ra3+ 41. Ke2 Kf5 42. Bd8 d4 43. Bg5 Ra2+ 44. Bd2 e4 45. Ke1 Kg4 46. Bg5 Kf5
47. Bd2 Ra1+ 48. Ke2 Rg1 49. g3 Ra1 50. Bg5 Ra2+ 51. Kf1 Kg4 52. Bf6 d3 53. Ke1
Re2+ 54. Kf1 Kf3 0-1

[Event "Ontario Closed"]
[Site "Toronto CAN"]
[Date "2023.07.02"]
[Round "5.6"]
[White "Fradkin, Benjamin"]
[Black "Reshetar, Oleksandr"]
[Result "0-1"]
[WhiteElo "2041"]
[BlackElo "1978"]
[PlyCount "171"]
[EventDate "2023.06.30"]
[EventType "swiss"]
[EventRounds "7"]
[EventCountry "CAN"]

1. d4 Nf6 2. Nf3 e6 3. c4 b6 4. g3 Bb7 5. Bg2 d5 6. cxd5 exd5 7. O-O Nbd7 8.
Nc3 Bb4 9. Bf4 Bxc3 10. bxc3 Ne4 11. Rc1 O-O 12. h4 h6 13. c4 c5 14. Ne5 cxd4
15. Nxd7 Qxd7 16. Qxd4 Qe6 17. Rfd1 dxc4 18. Qxc4 Qf5 19. Qc7 Ba6 20. Qe5 Qxe5
21. Bxe5 Rae8 22. f4 Nxg3 23. Rc7 Bxe2 24. Rd2 Bg4 25. Rxa7 Rd8 26. Rc2 Rd1+
27. Kh2 Nf5 28. Be4 Rfd8 29. Ra8 Rxa8 30. Bxa8 Nxh4 31. Rb2 Bf3 32. Rxb6 Bxa8
33. Rb8+ Kh7 34. Rxa8 Nf3+ 35. Kg3 Rd3 36. Bc7 Nd4+ 37. Kf2 Ne6 38. Bb6 Nxf4
39. a4 Nd5 40. Bd8 Ra3 41. a5 h5 42. Ra7 f6 43. Rd7 Nc3 44. Kg2 Kg6 45. Rd3 Nb5
46. Rd5 Nc3 47. Rd3 h4 48. Kh3 Kg5 49. Be7 Rxa5 50. Rxc3 Re5 51. Bd6 Rd5 52.
Bf8 Rd7 53. Bxg7 Rxg7 54. Rc4 Rh7 55. Rg4+ Kf5 56. Rg1 Ra7 57. Rf1+ Kg5 58.
Rg1+ Kh5 59. Rf1 Ra3+ 60. Kh2 Kg5 61. Rg1+ Kf4 62. Rf1+ Rf3 63. Ra1 f5 64. Ra8
h3 65. Ra4+ Kg5 66. Ra8 f4 67. Rh8 Kg4 68. Rg8+ Kf5 69. Rf8+ Ke4 70. Re8+ Kd3
71. Rd8+ Ke2 72. Rf8 Rf1 73. Kxh3 f3 74. Re8+ Kf2 75. Kh2 Re1 76. Ra8 Kf1 77.
Ra3 Kf2 78. Rb3 Re2 79. Ra3 Rd2 80. Ra1 Re2 81. Ra3 Kf1+ 82. Kh1 f2 83. Ra1+
Re1 84. Ra2 Rd1 85. Rb2 Ke1 86. Kh2 0-1

[Event "Ontario Closed"]
[Site "Toronto CAN"]
[Date "2023.07.03"]
[Round "6.2"]
[White "Barron, Michael"]
[Black "Singh, Mahip"]
[Result "0-1"]
[WhiteElo "2266"]
[BlackElo "1938"]
[PlyCount "66"]
[EventDate "2023.06.30"]
[EventType "swiss"]
[EventRounds "7"]
[EventCountry "CAN"]

1. e4 e5 2. Nf3 Nc6 3. Bb5 a6 4. Ba4 Nf6 5. O-O b5 6. Bb3 Bc5 7. Nxe5 Nxe5 8.
d4 Bxd4 9. Qxd4 d6 10. a4 c5 11. Qe3 O-O 12. c3 Bb7 13. f3 Qb6 14. Kh1 d5 15.
exd5 Rfe8 16. Nd2 Bxd5 17. Qg1 Qc6 18. axb5 axb5 19. Rxa8 Rxa8 20. Bc2 c4 21.
Qd4 Ng6 22. Rd1 Re8 23. Qf2 Nf4 24. Re1 g5 25. Rxe8+ Qxe8 26. Nf1 Ng4 27. Qd2
Qa8 28. Be4 Bxe4 29. fxe4 h6 30. Ng3 Nd3 31. b3 Qa1 32. Ne2 cxb3 33. h3 b2 0-1

[Event "Ontario Closed"]
[Site "Toronto CAN"]
[Date "2023.07.03"]
[Round "6.3"]
[White "Zuniga, Dante"]
[Black "Zhao, Jifan"]
[Result "1/2-1/2"]
[WhiteElo "2263"]
[BlackElo "1974"]
[PlyCount "76"]
[EventDate "2023.06.30"]
[EventType "swiss"]
[EventRounds "7"]
[EventCountry "CAN"]

1. d4 d5 2. c4 e6 3. Nf3 Nf6 4. Nc3 Be7 5. Bf4 c6 6. e3 O-O 7. Rc1 b6 8. Bd3
Bb7 9. O-O Nbd7 10. cxd5 Nxd5 11. Nxd5 exd5 12. Qe2 c5 13. Ba6 Bxa6 14. Qxa6
Nf6 15. Rfd1 Qc8 16. Qb5 Qe8 17. Qxe8 Rfxe8 18. dxc5 bxc5 19. Be5 Red8 20. Bxf6
gxf6 21. Rc2 f5 22. g3 Rab8 23. b3 Rb6 24. Rcd2 Rbd6 25. Rc2 Rb6 26. Rcd2 Rbd6
27. Kf1 Kg7 28. Ne5 Kf6 29. Nd3 c4 30. Nf4 Ke5 31. bxc4 dxc4 32. Rxd6 Rxd6 33.
Rxd6 Kxd6 34. Ke2 Kc5 35. Kd2 Bd6 36. Kc3 Be5+ 37. Kc2 Kb4 38. Kb1 Ka3 1/2-1/2

[Event "Ontario Closed"]
[Site "Toronto CAN"]
[Date "2023.07.03"]
[Round "6.4"]
[White "Rek, Slava"]
[Black "Reshetar, Oleksandr"]
[Result "1-0"]
[WhiteElo "2316"]
[BlackElo "1978"]
[PlyCount "41"]
[EventDate "2023.06.30"]
[EventType "swiss"]
[EventRounds "7"]
[EventCountry "CAN"]

1. d4 Nf6 2. Nf3 e6 3. c4 b6 4. g3 Bb4+ 5. Nbd2 Bb7 6. Bg2 Ne4 7. O-O Nxd2 8.
Bxd2 Be7 9. d5 O-O 10. e4 c5 11. Bc3 d6 12. e5 exd5 13. cxd5 b5 14. b3 Nd7 15.
Re1 b4 16. Bb2 Nb6 17. Nd2 dxe5 18. d6 Qxd6 19. Bxb7 Rad8 20. Nc4 Qc7 21. Qf3
1-0

[Event "Ontario Closed"]
[Site "Toronto CAN"]
[Date "2023.07.03"]
[Round "6.5"]
[White "Ning, Eric"]
[Black "Zhu, Charis"]
[Result "1-0"]
[WhiteElo "2163"]
[BlackElo "1906"]
[PlyCount "63"]
[EventDate "2023.06.30"]
[EventType "swiss"]
[EventRounds "7"]
[EventCountry "CAN"]

1. d4 Nf6 2. c4 e6 3. Nc3 d5 4. cxd5 exd5 5. Bg5 Be7 6. e3 c6 7. Bd3 Nbd7 8.
Nf3 O-O 9. Qc2 h6 10. Bh4 Re8 11. O-O Ne4 12. Bxe7 Qxe7 13. b4 a6 14. a4 Ndf6
15. b5 axb5 16. axb5 Bd7 17. Ne5 Nxc3 18. Qxc3 c5 19. Rxa8 Rxa8 20. Qxc5 Qxc5
21. dxc5 Rc8 22. Nxd7 Nxd7 23. Bf5 Rd8 24. c6 Nb6 25. c7 Ra8 26. Rc1 Nc8 27.
Bxc8 Rxc8 28. b6 Kf8 29. Ra1 Ke7 30. Ra7 Kd7 31. Rxb7 Ra8 32. Ra7 1-0

[Event "Ontario Closed"]
[Site "Toronto CAN"]
[Date "2023.07.03"]
[Round "6.6"]
[White "Moses, Neil"]
[Black "Xu, Philip"]
[Result "1-0"]
[WhiteElo "2029"]
[BlackElo "1890"]
[PlyCount "64"]
[EventDate "2023.06.30"]
[EventType "swiss"]
[EventRounds "7"]
[EventCountry "CAN"]

1. e4 d6 2. d4 Nf6 3. Nc3 e5 4. Nf3 Nbd7 5. Be2 g6 6. dxe5 dxe5 7. Bg5 Bg7 8.
Qd2 O-O 9. O-O-O h6 10. Be3 Re8 11. h3 c6 12. Bxh6 Bxh6 13. Qxh6 b5 14. Ng5 Qe7
15. h4 Qf8 16. Qxf8+ Kxf8 17. Rd6 Bb7 18. Rhd1 Ke7 19. b4 a5 20. a3 axb4 21.
axb4 Ra1+ 22. Kb2 Rxd1 23. Rxd1 Nf8 24. Nb1 Ne6 25. Nxe6 Kxe6 26. Nd2 Rd8 27.
Bd3 Ng4 28. Rf1 Nh2 29. Ra1 Ng4 30. f3 Nf2 31. Nb3 Nxd3+ 32. cxd3 Bc8 1-0

[Event "Ontario Closed"]
[Site "Toronto CAN"]
[Date "2023.07.03"]
[Round "7.2"]
[White "Campbell, Ryan"]
[Black "Rek, Slava"]
[Result "1-0"]
[WhiteElo "2181"]
[BlackElo "2316"]
[PlyCount "67"]
[EventDate "2023.06.30"]
[EventType "swiss"]
[EventRounds "7"]
[EventCountry "CAN"]

1. e4 c5 2. Nf3 Nc6 3. Bb5 g6 4. Bxc6 dxc6 5. d3 c4 6. O-O cxd3 7. cxd3 Bg7 8.
Nc3 Nf6 9. h3 O-O 10. Be3 h6 11. Rc1 Ne8 12. Qe2 Kh7 13. Rfd1 f5 14. exf5 Bxf5
15. d4 Nc7 16. Ne5 Nd5 17. Re1 Nxc3 18. Rxc3 Qd5 19. Rc5 Qxa2 20. g4 b6 21.
gxf5 bxc5 22. fxg6+ Kg8 23. Qh5 Qe6 24. Ng4 Rf6 25. Bd2 Qd6 26. Nxf6+ Qxf6 27.
Bxh6 Bxh6 28. Qxh6 cxd4 29. Qh7+ Kf8 30. Rxe7 Qg5+ 31. Kf1 Qc1+ 32. Re1 Qc4+
33. Kg1 Qg8 34. Qe7# 1-0

[Event "Ontario Closed"]
[Site "Toronto CAN"]
[Date "2023.07.03"]
[Round "7.3"]
[White "Ning, Eric"]
[Black "Zuniga, Dante"]
[Result "1/2-1/2"]
[WhiteElo "2163"]
[BlackElo "2263"]
[PlyCount "72"]
[EventDate "2023.06.30"]
[EventType "swiss"]
[EventRounds "7"]
[EventCountry "CAN"]

1. d4 d5 2. c4 e6 3. Nc3 c5 4. cxd5 cxd4 5. Qa4+ Bd7 6. Qxd4 exd5 7. Qxd5 Nc6
8. Bf4 Nf6 9. Qd2 Bb4 10. a3 Bxc3 11. Qxc3 O-O 12. Bg5 Ne4 13. Bxd8 Nxc3 14.
bxc3 Rfxd8 15. Nf3 Rac8 16. e3 Na5 17. c4 Be6 18. Nd4 Bxc4 19. Bxc4 Rxc4 20.
O-O Nc6 21. Rfc1 Rxc1+ 22. Rxc1 Nxd4 23. exd4 Kf8 24. Rc4 Ke7 25. Kf1 Kd6 26.
Ke2 Re8+ 27. Kd2 h5 28. h4 g6 29. g3 b6 30. f3 Kd7 31. Ra4 a5 32. Rc4 Re6 33.
a4 Rf6 34. Ke3 Re6+ 35. Kd2 Rf6 36. Ke3 Re6+ 1/2-1/2

[Event "Ontario Closed"]
[Site "Toronto CAN"]
[Date "2023.07.03"]
[Round "7.4"]
[White "Zhao, Jifan"]
[Black "Moses, Neil"]
[Result "1-0"]
[WhiteElo "1974"]
[BlackElo "2029"]
[PlyCount "93"]
[EventDate "2023.06.30"]
[EventType "swiss"]
[EventRounds "7"]
[EventCountry "CAN"]

1. e4 c5 2. Nf3 Nc6 3. Bb5 e6 4. O-O Nge7 5. c3 a6 6. Bxc6 Nxc6 7. d4 d5 8.
exd5 Qxd5 9. Be3 cxd4 10. Nxd4 Be7 11. Nd2 Nxd4 12. Bxd4 e5 13. Qh5 g5 14. Be3
Be6 15. c4 Qd3 16. Nf3 Qf5 17. Rfe1 O-O-O 18. Bb6 f6 19. Bxd8 Rxd8 20. Red1 Bc5
21. Rxd8+ Kxd8 22. Rd1+ Ke7 23. h4 Bf7 24. Qh6 g4 25. Qd2 Kf8 26. Ne1 g3 27.
Nd3 Bd4 28. Kf1 Kg7 29. b3 Bg6 30. Nf4 gxf2 31. Nxg6 hxg6 32. Qb4 b6 33. Qd2
Qg4 34. Qd3 Qxh4 35. Qf3 a5 36. g3 Qh3+ 37. Ke2 Qc8 38. Rh1 a4 39. Rh2 axb3 40.
axb3 Qa6 41. Qh1 Qa2+ 42. Kf3 Qxb3+ 43. Ke4 f5+ 44. Kd5 Qe3 45. Ke6 e4 46. Rh8
Qxg3 47. Qh6# 1-0

[Event "Ontario Closed"]
[Site "Toronto CAN"]
[Date "2023.07.03"]
[Round "7.5"]
[White "Joseph, Jonath"]
[Black "Barron, Michael"]
[Result "1/2-1/2"]
[WhiteElo "1939"]
[BlackElo "2266"]
[PlyCount "76"]
[EventDate "2023.06.30"]
[EventType "swiss"]
[EventRounds "7"]
[EventCountry "CAN"]

1. e4 e5 2. Nc3 Nf6 3. f4 d5 4. fxe5 Nxe4 5. Qf3 f5 6. d3 Nxc3 7. bxc3 c5 8.
Qg3 Nc6 9. Be2 Be6 10. Nf3 d4 11. O-O dxc3 12. Ng5 Qd7 13. Be3 g6 14. Bf3 Rb8
15. a3 Nd4 16. Qf2 b6 17. Kh1 Rd8 18. Bxd4 cxd4 19. g4 Bh6 20. Nxe6 Qxe6 21.
gxf5 Qxf5 22. Bc6+ Ke7 23. Qxf5 gxf5 24. Rxf5 Rdf8 25. Raf1 Rxf5 26. Rxf5 Bc1
27. Bd5 Rf8 28. Rxf8 Kxf8 29. a4 Bf4 30. e6 Ke7 31. h3 Kd6 32. Bb3 Bg5 33. Kg2
Ke5 34. Kf3 h5 35. Bc4 Be7 36. Bb3 Kf5 37. Bc4 Bd6 38. Bb3 Be7 1/2-1/2

[Event "Ontario Closed"]
[Site "Toronto CAN"]
[Date "2023.07.03"]
[Round "7.6"]
[White "Lu, Eddie"]
[Black "Zhong, Ryan Yunhui"]
[Result "1-0"]
[WhiteElo "1863"]
[BlackElo "1972"]
[PlyCount "122"]
[EventDate "2023.06.30"]
[EventType "swiss"]
[EventRounds "7"]
[EventCountry "CAN"]

1. Nf3 d5 2. e3 Nf6 3. b3 e6 4. Bb2 c5 5. Ne5 Bd6 6. f4 Nbd7 7. Bb5 a6 8. Bxd7+
Bxd7 9. O-O Qc7 10. d3 Bc6 11. Nxc6 Qxc6 12. Nd2 Rg8 13. e4 Bc7 14. e5 Nd7 15.
c3 O-O-O 16. d4 g5 17. fxg5 Rg7 18. Nf3 Rdg8 19. Rf2 Bd8 20. h4 Kb8 21. Rc1 b6
22. Rcc2 Qb7 23. Bc1 Ka7 24. Be3 Be7 25. a4 Ka8 26. Qf1 Rc8 27. Nh2 Rf8 28. Ng4
Nb8 29. Nf6 cxd4 30. cxd4 Bxf6 31. Rxf6 Qe7 32. Qc1 Rd8 33. Rc7 Rd7 34. Rc8 Kb7
35. h5 Qb4 36. Rc3 Rg8 37. Qd2 Qe7 38. Rh6 Rg7 39. a5 b5 40. Rc5 Qd8 41. b4 Qg8
42. Rf6 Nc6 43. Qd3 Qd8 44. Bd2 Na7 45. Qf1 Qe8 46. Qf2 Qh8 47. h6 Rg8 48. Rxf7
Rgd8 49. g6 hxg6 50. Bg5 Qg8 51. Bxd8 Rxf7 52. Qxf7+ Qxf7 53. Rc7+ Qxc7 54.
Bxc7 Kxc7 55. h7 Nc6 56. h8=Q Nxd4 57. Qa8 Nc6 58. Qxa6 Nxe5 59. Qb6+ Kd7 60.
Qxb5+ Kd6 61. Qb8+ Kc6 1-0

[Event "Ontario Closed w"]
[Site "Toronto CAN"]
[Date "2023.06.30"]
[Round "1.23"]
[White "Yang, Lucy"]
[Black "Ruchinskaya, Valerie"]
[Result "0-1"]
[WhiteElo "1384"]
[BlackElo "1993"]
[PlyCount "86"]
[EventDate "2023.06.30"]
[EventType "swiss"]
[EventRounds "7"]
[EventCountry "CAN"]

1. e4 e6 2. d4 d5 3. exd5 exd5 4. Bd3 Bd6 5. h3 Ne7 6. Nf3 O-O 7. O-O Bf5 8.
Nc3 c6 9. Re1 h6 10. Bxf5 Nxf5 11. Ne2 Nd7 12. Bf4 Re8 13. Bxd6 Nxd6 14. Ng3
Qb6 15. b3 Ne4 16. Nxe4 dxe4 17. Nh2 Nf6 18. Qd2 Rad8 19. Rad1 Rd6 20. c3 h5
21. Nf1 Qc7 22. Ne3 Red8 23. Nf5 Rd5 24. Qg5 Rxf5 25. Qxf5 Rd5 26. Qxd5 cxd5
27. Rc1 b5 28. Re2 Qf4 29. Rec2 e3 30. f3 Ne8 31. Re2 Nd6 32. Rd1 Nf5 33. Rd3
Qg3 34. Rd1 Nh4 35. Rf1 g5 36. Kh1 g4 37. Rg1 Nf5 38. fxg4 hxg4 39. Rf1 Nh4 40.
Rg1 f5 41. hxg4 Ng6 42. Rf1 Nf4 43. Rxf4 Qxf4 0-1

[Event "Ontario Closed w"]
[Site "Toronto CAN"]
[Date "2023.06.30"]
[Round "1.24"]
[White "Jiang, Hancy"]
[Black "Asilahijani, Mahsa"]
[Result "1-0"]
[WhiteElo "1870"]
[BlackElo "1332"]
[PlyCount "39"]
[EventDate "2023.06.30"]
[EventType "swiss"]
[EventRounds "7"]
[EventCountry "CAN"]

1. Nf3 d5 2. d4 Nf6 3. c4 e6 4. g3 Bb4+ 5. Bd2 Be7 6. Bg2 O-O 7. O-O c5 8. Qc2
Qc7 9. Bf4 Bd6 10. Bxd6 Qxd6 11. cxd5 cxd4 12. Nxd4 exd5 13. Nb5 Qb6 14. Nc7
Na6 15. Nxa8 Qa5 16. Rc1 Be6 17. Nc7 Rc8 18. Qd2 Rxc7 19. Qxa5 Rxc1+ 20. Bf1
1-0

[Event "Ontario Closed w"]
[Site "Toronto CAN"]
[Date "2023.06.30"]
[Round "1.26"]
[White "Xie, Irene"]
[Black "Liu, Lily"]
[Result "1-0"]
[WhiteElo "1750"]
[BlackElo "1058"]
[PlyCount "91"]
[EventDate "2023.06.30"]
[EventType "swiss"]
[EventRounds "7"]
[EventCountry "CAN"]

1. e4 e5 2. Nf3 Nc6 3. Bc4 Nf6 4. Ng5 d5 5. exd5 Na5 6. Bb5+ c6 7. dxc6 bxc6 8.
Bd3 h6 9. Ne4 Bf5 10. Nxf6+ Qxf6 11. Bxf5 Qxf5 12. d3 Rd8 13. O-O Be7 14. Re1
O-O 15. Nc3 c5 16. Qe2 Bf6 17. Ne4 Rfe8 18. Nxc5 Rd5 19. Ne4 Nc6 20. Be3 Nd4
21. Bxd4 exd4 22. Nxf6+ Qxf6 23. Qxe8+ Kh7 24. Qe4+ Qf5 25. Qxf5+ Rxf5 26. Re7
a5 27. Rd7 Rc5 28. Rc1 Rb5 29. b3 Kg6 30. Rxd4 Kf6 31. c4 Rb4 32. Rd5 a4 33.
Rb5 Rxb5 34. cxb5 axb3 35. axb3 Ke5 36. b6 Kd4 37. b7 Kxd3 38. b8=Q Kd4 39.
Qd6+ Ke4 40. b4 Kf5 41. b5 Kg4 42. b6 Kh4 43. b7 Kg4 44. b8=R Kf5 45. Rb5+ Ke4
46. Rc4# 1-0

[Event "Ontario Closed w"]
[Site "Toronto CAN"]
[Date "2023.06.30"]
[Round "1.27"]
[White "Shtepa, Liubov"]
[Black "Qian, Ashley"]
[Result "0-1"]
[WhiteElo "1025"]
[BlackElo "1725"]
[PlyCount "64"]
[EventDate "2023.06.30"]
[EventType "swiss"]
[EventRounds "7"]
[EventCountry "CAN"]

1. e4 c5 2. Nc3 d6 3. d3 Nf6 4. g3 e6 5. Bg2 Nc6 6. f4 Be7 7. Nf3 a6 8. O-O O-O
9. Be3 Qc7 10. h3 d5 11. exd5 exd5 12. d4 cxd4 13. Nxd4 Bc5 14. Qd2 Re8 15.
Rfe1 Rxe3 16. Rxe3 Bxd4 17. Rae1 Be6 18. Nd1 Bxe3+ 19. Nxe3 Rd8 20. c3 Ne4 21.
Bxe4 dxe4 22. Qc2 h6 23. Kh2 Rd3 24. Nd1 Qd6 25. Kg1 Rd2 26. Qb1 Bxh3 27. Nf2
Rxf2 28. Kxf2 Qd2+ 29. Re2 e3+ 30. Kf3 Bg4+ 31. Kxg4 Qxe2+ 32. Kh3 Qf2 0-1

[Event "Ontario Closed w"]
[Site "Toronto CAN"]
[Date "2023.06.30"]
[Round "1.28"]
[White "Ambilwade, Ojal"]
[Black "Li, Sarina"]
[Result "1/2-1/2"]
[WhiteElo "1672"]
[BlackElo "1005"]
[PlyCount "83"]
[EventDate "2023.06.30"]
[EventType "swiss"]
[EventRounds "7"]
[EventCountry "CAN"]

1. c4 e5 2. Nc3 Nf6 3. Nf3 Nc6 4. e3 d5 5. cxd5 Nxd5 6. Bc4 Be6 7. Bb5 Nxc3 8.
bxc3 Bd6 9. d4 Bd7 10. Bxc6 Bxc6 11. d5 Bd7 12. e4 O-O 13. O-O f5 14. Bg5 Qe8
15. exf5 Bxf5 16. h3 Be4 17. Nh2 Qb5 18. Rc1 Qxd5 19. Qxd5+ Bxd5 20. c4 Rf5 21.
h4 Bc6 22. g4 Rf7 23. Be3 e4 24. Kg2 Bf4 25. Bxf4 Rxf4 26. Kg3 Rf6 27. Rcd1 Rd6
28. Rxd6 cxd6 29. Rd1 Rd8 30. Kf4 Kf7 31. Nf1 Ke6 32. Ke3 Rf8 33. Nd2 Ke5 34.
Rg1 b6 35. Rg3 d5 36. cxd5 Bxd5 37. g5 Rf4 38. h5 Bxa2 39. f3 Bd5 40. fxe4 Bxe4
41. Nc4+ Kf5 42. Nd6+ 1/2-1/2